Sonic the Hedgehog All Wisps - Statistics

General Stats
  • This quiz has been taken 17 times
  • The average score is 16 of 18
Answer Stats
Hint Wisp % Correct
Explosive Black Wisp (Bomb)
100%
3D shape Blue Wisp (Cube)
100%
Can dash along a line of rings Green Wisp (Hover)
100%
Earth_____ Grey Wisp (Quake)
100%
Musical Magenta Wisp (Rhythm)
100%
Take off Orange Wisp (Rocket)
100%
Wall climbing Pink Wisp (Spikes)
100%
A monster Purple Wisp (Frenzy)
100%
Hot Red Wisp (Burst)
100%
Digging Yellow Wisp (Drill)
100%
Super fast speed Cyan Wisp (Laser)
92%
Boost Powers White Wisp
92%
A soaring _____ Crimson Wisp (Eagle)
77%
Looks like Saturn, first appeared in Lost World Indigo Wisp (Asteroid)
77%
Intangible Jade Wisp (Ghost)
77%
Extra boss in Colours DS Mother Wisp
77%
A black hole Violet Wisp (Void)
77%
Shocking Ivory Wisp (Lightning)
69%
No matching quizzes found
Score Distribution
Percent of People with Each Score
Percentile by Number Answered
Your Score History
You have not taken this quiz